[Event "Sonipat Prakash Singh Memorial 1st"]
[Site "Sonipat"]
[Date "2017.04.18"]
[Round "4"]
[White "Rishabh, Jain"]
[Black "Deshmukh, Anup"]
[Result "0-1"]
[WhiteElo "1881"]
[BlackElo "2228"]
[PlyCount "84"]
[EventDate "2017.04.17"]
[EventType "swiss"]
[EventRounds "10"]
[EventCountry "IND"]
[SourceTitle "CBM 177 Extra"]
[Source "ChessBase"]
[SourceDate "2017.04.27"]
[SourceVersion "1"]
[SourceVersionDate "2017.04.27"]
[SourceQuality "1"]

1. d4 Nf6 2. Nf3 c5 3. c4 cxd4 4. Nxd4 e5 5. Nf3 Nc6 6. Nc3 Bb4 7. g3 0-0 8. Bg2 d6 9. 0-0 Bxc3 10. bxc3 Be6 11. Ba3 Bxc4 12. Qxd6 Re8 13. Rfb1 Qxd6 14. Bxd6 Ne4 15. Nxe5 Nxd6 16. Nxc6 bxc6 17. Bxc6 Bxe2 18. Bxa8 Rxa8 19. Kg2 g5 20. f3 g4 21. fxg4 Bxg4 22. Rb4 Be6 23. Kf2 a5 24. Rf4 Rb8 25. Re1 Rc8 26. Rd4 Nc4 27. a4 Rc5 28. Rb1 Kg7 29. Rb7 h6 30. Ra7 Kg6 31. Ra6 h5 32. Ke2 Ne5 33. Rd2 Nc6 34. Rd6 Ne5 35. Rd2 Kg7 36. Kf2 Ng4+ 37. Kg2 Rf5 38. h3 Ne3+ 39. Kg1 Rf3 40. Rxa5 Nc4 41. Rad5 Rxg3+ 42. Kf2 Nxd2 0-1